[Event "DEM U18 2020"]
[Site "Willingen GER"]
[Date "2020.10.24"]
[Round "7"]
[White "Woelk, Tom-Frederic"]
[Black "Bosselmann, Tom Linus"]
[Result "1-0"]
[Termination "normal"]
[Board "6"]
[WhiteElo "2253"]
[BlackElo "2054"]
[WhiteClock "00:16:16"]
[BlackClock "00:04:52"]
[PlyCount "101"]
[WhiteFideId "12993077"]
[BlackFideId "12983845"]
[EventCountry "GER"]
[EventRounds "7"]
[EventType "swiss"]
[EventDate "2020.10.19"]

1. d4 {[%clk 1:30:24]} Nf6 {[%clk 1:30:43]} 2. c4 {[%clk 1:30:51]} e6 {[%clk
1:30:16]} 3. Nc3 {[%clk 1:29:55]} Bb4 {[%clk 1:30:25]} 4. f3 {[%clk 1:30:16]}
c5 {[%clk 1:25:41]} 5. d5 {[%clk 1:30:41]} b5 {[%clk 1:24:08]} 6. e4 {[%clk
1:30:28]} O-O {[%clk 1:21:04]} 7. Nh3 {[%clk 1:30:39]} bxc4 {[%clk 1:17:47]} 8.
Bxc4 {[%clk 1:30:52]} Nxd5 {[%clk 1:16:25]} 9. Bxd5 {[%clk 1:31:15]} exd5
{[%clk 1:16:51]} 10. Qxd5 {[%clk 1:31:39]} Bxc3+ {[%clk 1:14:13]} 11. bxc3
{[%clk 1:31:58]} Ba6 {[%clk 1:10:34]} 12. Qxc5 {[%clk 1:18:01]} Qh4+ {[%clk
0:44:54]} 13. Nf2 {[%clk 1:13:35]} Nc6 {[%clk 0:42:16]} 14. Bg5 {[%clk
0:55:25]} Qh5 {[%clk 0:41:32]} 15. Be7 {[%clk 0:55:50]} Qxc5 {[%clk 0:41:06]}
16. Bxc5 {[%clk 0:55:23]} Rfb8 {[%clk 0:40:03]} 17. Ba3 {[%clk 0:41:04]} Rb5
{[%clk 0:37:48]} 18. Ng4 {[%clk 0:32:57]} Rab8 {[%clk 0:35:40]} 19. Kf2 {[%clk
0:22:52]} Ra5 {[%clk 0:30:58]} 20. Bb4 {[%clk 0:22:16]} Nxb4 {[%clk 0:30:27]}
21. cxb4 {[%clk 0:22:42]} Rxb4 {[%clk 0:30:11]} 22. Rhd1 {[%clk 0:23:06]} Bb5
{[%clk 0:26:57]} 23. Rd2 {[%clk 0:22:46]} Ra3 {[%clk 0:23:47]} 24. Rc1 {[%clk
0:19:21]} h5 {[%clk 0:14:18]} 25. Ne3 {[%clk 0:18:58]} Rba4 {[%clk 0:10:22]}
26. Rcc2 {[%clk 0:18:32]} Rd3 {[%clk 0:09:47]} 27. Rxd3 {[%clk 0:17:04]} Bxd3
{[%clk 0:10:15]} 28. Rb2 {[%clk 0:17:23]} Ba6 {[%clk 0:09:26]} 29. h4 {[%clk
0:14:09]} Bc4 {[%clk 0:08:33]} 30. Nxc4 {[%clk 0:12:09]} Rxc4 {[%clk 0:09:00]}
31. Ke3 {[%clk 0:12:25]} Ra4 {[%clk 0:08:57]} 32. Rd2 {[%clk 0:09:10]} Kf8
{[%clk 0:08:54]} 33. Kf4 {[%clk 0:09:23]} Ke7 {[%clk 0:08:15]} 34. g4 {[%clk
0:08:29]} hxg4 {[%clk 0:03:48]} 35. fxg4 {[%clk 0:08:52]} d6 {[%clk 0:03:40]}
36. h5 {[%clk 0:08:35]} Ra3 {[%clk 0:03:11]} 37. Re2 {[%clk 0:07:31]} f6 {[%clk
0:02:37]} 38. Rb2 {[%clk 0:07:34]} Ra5 {[%clk 0:02:28]} 39. Rb7+ {[%clk
0:06:07]} Kf8 {[%clk 0:02:56]} 40. Rd7 {[%clk 0:05:53]} Rxa2 {[%clk 0:02:59]}
41. Rxd6 {[%clk 0:06:11]} Rf2+ {[%clk 0:00:53]} 42. Ke3 {[%clk 0:05:49]} Rg2
{[%clk 0:26:32]} 43. Kf3 {[%clk 0:35:34]} Ra2 {[%clk 0:26:47]} 44. e5 {[%clk
0:23:53]} Ra3+ {[%clk 0:20:52]} 45. Kf4 {[%clk 0:23:40]} Ra4+ {[%clk 0:20:31]}
46. Kg3 {[%clk 0:24:02]} fxe5 {[%clk 0:19:31]} 47. g5 {[%clk 0:24:12]} Rb4
{[%clk 0:12:48]} 48. Rd8+ {[%clk 0:16:42]} Ke7 {[%clk 0:12:24]} 49. Ra8 {[%clk
0:17:07]} Ra4 {[%clk 0:09:04]} 50. h6 {[%clk 0:15:50]} gxh6 {[%clk 0:04:52]}
51. gxh6 {[%clk 0:16:16]} 1-0

[Event "DEM U18 2020"]
[Site "Willingen GER"]
[Date "2020.10.24"]
[Round "7"]
[White "Mätzkow, Maximilian Paul"]
[Black "Richter, Philipp"]
[Result "1/2-1/2"]
[Termination "normal"]
[Board "7"]
[WhiteElo "2242"]
[BlackElo "2254"]
[WhiteClock "00:40:26"]
[BlackClock "00:27:13"]
[PlyCount "50"]
[WhiteFideId "24679933"]
[BlackFideId "16219929"]
[EventCountry "GER"]
[EventRounds "7"]
[EventType "swiss"]
[EventDate "2020.10.19"]

1. d4 {[%clk 1:30:59]} Nf6 {[%clk 1:30:54]} 2. Nf3 {[%clk 1:31:26]} c5 {[%clk
1:31:17]} 3. d5 {[%clk 1:31:53]} e6 {[%clk 1:31:27]} 4. c4 {[%clk 1:32:18]}
exd5 {[%clk 1:31:28]} 5. cxd5 {[%clk 1:32:44]} d6 {[%clk 1:31:42]} 6. Nc3
{[%clk 1:33:06]} g6 {[%clk 1:31:57]} 7. e4 {[%clk 1:33:20]} a6 {[%clk 1:32:20]}
8. a4 {[%clk 1:33:41]} Bg4 {[%clk 1:32:43]} 9. h3 {[%clk 1:33:35]} Bxf3 {[%clk
1:33:04]} 10. Qxf3 {[%clk 1:34:01]} Bg7 {[%clk 1:31:01]} 11. Bd3 {[%clk
1:31:49]} Nbd7 {[%clk 1:29:37]} 12. Bf4 {[%clk 1:31:32]} Qe7 {[%clk 1:29:50]}
13. O-O {[%clk 1:31:44]} Ne5 {[%clk 1:28:51]} 14. Qe2 {[%clk 1:29:19]} O-O
{[%clk 1:27:33]} 15. Bh2 {[%clk 1:28:13]} g5 {[%clk 1:20:19]} 16. Bc2 {[%clk
1:24:46]} Ng6 {[%clk 1:19:23]} 17. Rae1 {[%clk 1:18:29]} Nd7 {[%clk 1:19:14]}
18. Nd1 {[%clk 1:15:48]} Bd4 {[%clk 1:08:34]} 19. g3 {[%clk 1:09:48]} Rae8
{[%clk 1:00:07]} 20. Ne3 {[%clk 0:59:49]} Bxe3 {[%clk 0:58:38]} 21. Qxe3 {[%clk
0:58:57]} b5 {[%clk 0:57:58]} 22. a5 {[%clk 0:55:58]} f6 {[%clk 0:45:17]} 23.
f4 {[%clk 0:45:16]} Qg7 {[%clk 0:36:45]} 24. Kh1 {[%clk 0:44:02]} Qh6 {[%clk
0:33:47]} 25. Kg2 {[%clk 0:40:26]} Re7 {[%clk 0:27:13]} 1/2-1/2

[Event "DEM U18 2020"]
[Site "Willingen GER"]
[Date "2020.10.24"]
[Round "7"]
[White "Junker, Magnus"]
[Black "Pahl, Theis"]
[Result "0-1"]
[Termination "normal"]
[Board "8"]
[WhiteElo "2093"]
[BlackElo "2056"]
[WhiteClock "00:40:06"]
[BlackClock "00:24:47"]
[PlyCount "92"]
[WhiteFideId "16218507"]
[BlackFideId "16201264"]
[EventCountry "GER"]
[EventRounds "7"]
[EventType "swiss"]
[EventDate "2020.10.19"]

1. e4 {[%clk 1:30:58]} c5 {[%clk 1:30:54]} 2. Nf3 {[%clk 1:31:25]} Nf6 {[%clk
1:31:17]} 3. e5 {[%clk 1:25:50]} Nd5 {[%clk 1:30:35]} 4. Nc3 {[%clk 1:23:59]}
e6 {[%clk 1:30:58]} 5. Nxd5 {[%clk 1:23:00]} exd5 {[%clk 1:31:13]} 6. d4 {[%clk
1:23:28]} Nc6 {[%clk 1:31:35]} 7. dxc5 {[%clk 1:20:34]} Bxc5 {[%clk 1:31:55]}
8. Be2 {[%clk 1:20:01]} d6 {[%clk 1:30:33]} 9. exd6 {[%clk 1:18:15]} Qxd6
{[%clk 1:30:15]} 10. O-O {[%clk 1:18:39]} O-O {[%clk 1:30:20]} 11. a3 {[%clk
1:16:57]} a5 {[%clk 1:28:12]} 12. b3 {[%clk 1:17:20]} Re8 {[%clk 1:25:41]} 13.
Bb2 {[%clk 1:17:28]} Bg4 {[%clk 1:25:01]} 14. Re1 {[%clk 1:16:02]} Bb6 {[%clk
1:23:09]} 15. Qd2 {[%clk 1:08:54]} Qc5 {[%clk 1:20:23]} 16. Bd3 {[%clk
1:00:16]} Bxf3 {[%clk 1:15:28]} 17. gxf3 {[%clk 1:00:39]} Nd4 {[%clk 1:05:58]}
18. Kg2 {[%clk 0:55:07]} Ne6 {[%clk 1:03:15]} 19. Rg1 {[%clk 0:51:46]} d4
{[%clk 0:56:12]} 20. Kh1 {[%clk 0:51:23]} Qh5 {[%clk 0:54:57]} 21. Be4 {[%clk
0:48:55]} Bc7 {[%clk 0:53:10]} 22. Rg2 {[%clk 0:48:31]} Nf4 {[%clk 0:46:11]}
23. Rg3 {[%clk 0:48:28]} Re6 {[%clk 0:44:18]} 24. Qd1 {[%clk 0:38:42]} Rh6
{[%clk 0:43:19]} 25. Qg1 {[%clk 0:39:08]} Ne2 {[%clk 0:42:36]} 26. Qg2 {[%clk
0:38:22]} Bxg3 {[%clk 0:27:15]} 27. fxg3 {[%clk 0:38:21]} Nc3 {[%clk 0:27:30]}
28. Bxb7 {[%clk 0:30:29]} Re8 {[%clk 0:27:13]} 29. Bxc3 {[%clk 0:30:49]} dxc3
{[%clk 0:27:27]} 30. Rd1 {[%clk 0:31:01]} Rhe6 {[%clk 0:27:04]} 31. Qf1 {[%clk
0:29:41]} Qc5 {[%clk 0:26:08]} 32. Be4 {[%clk 0:28:19]} Re5 {[%clk 0:21:33]}
33. g4 {[%clk 0:27:00]} h5 {[%clk 0:21:18]} 34. Qh3 {[%clk 0:25:24]} g6 {[%clk
0:19:10]} 35. Rg1 {[%clk 0:24:20]} Kg7 {[%clk 0:18:19]} 36. b4 {[%clk 0:22:39]}
axb4 {[%clk 0:15:37]} 37. axb4 {[%clk 0:23:04]} Qe3 {[%clk 0:14:55]} 38. Bd3
{[%clk 0:20:04]} Rh8 {[%clk 0:13:37]} 39. Qg2 {[%clk 0:18:22]} hxg4 {[%clk
0:13:27]} 40. fxg4 {[%clk 0:18:47]} Qd2 {[%clk 0:12:01]} 41. b5 {[%clk
0:13:53]} Re3 {[%clk 0:08:38]} 42. Bf1 {[%clk 0:12:02]} Re6 {[%clk 0:04:56]}
43. h3 {[%clk 0:10:05]} Re3 {[%clk 0:01:56]} 44. Qh2 {[%clk 0:08:47]} Qd5+
{[%clk 0:24:36]} 45. Bg2 {[%clk 0:39:38]} Rexh3 {[%clk 0:24:47]} 46. Bxd5
{[%clk 0:40:06]} Rxh2# 0-1

[Event "DEM U18 2020"]
[Site "Willingen GER"]
[Date "2020.10.24"]
[Round "7"]
[White "Lesny, Florian"]
[Black "Lange, Jannis"]
[Result "1/2-1/2"]
[Termination "normal"]
[Board "9"]
[WhiteElo "2178"]
[BlackElo "2126"]
[WhiteClock "00:08:36"]
[BlackClock "00:03:00"]
[PlyCount "81"]
[WhiteFideId "12973874"]
[BlackFideId "12993107"]
[EventCountry "GER"]
[EventRounds "7"]
[EventType "swiss"]
[EventDate "2020.10.19"]

1. e4 {[%clk 1:30:58]} c5 {[%clk 1:30:57]} 2. Nf3 {[%clk 1:31:16]} Nc6 {[%clk
1:31:24]} 3. d4 {[%clk 1:31:33]} cxd4 {[%clk 1:31:50]} 4. Nxd4 {[%clk 1:31:52]}
Nf6 {[%clk 1:32:16]} 5. Nc3 {[%clk 1:32:06]} e5 {[%clk 1:32:43]} 6. Ndb5 {[%clk
1:32:20]} d6 {[%clk 1:33:08]} 7. Bg5 {[%clk 1:32:32]} a6 {[%clk 1:33:25]} 8.
Na3 {[%clk 1:32:52]} b5 {[%clk 1:33:51]} 9. Nd5 {[%clk 1:33:08]} Be7 {[%clk
1:34:16]} 10. Bxf6 {[%clk 1:33:18]} Bxf6 {[%clk 1:34:43]} 11. c3 {[%clk
1:32:22]} O-O {[%clk 1:35:03]} 12. Nc2 {[%clk 1:27:05]} Bg5 {[%clk 1:35:01]}
13. a4 {[%clk 1:24:15]} bxa4 {[%clk 1:35:26]} 14. Rxa4 {[%clk 1:24:23]} a5
{[%clk 1:35:52]} 15. Bc4 {[%clk 1:23:19]} Rb8 {[%clk 1:33:40]} 16. b3 {[%clk
1:22:46]} Kh8 {[%clk 1:33:45]} 17. Nce3 {[%clk 1:19:34]} g6 {[%clk 1:33:59]}
18. h4 {[%clk 1:12:43]} Bxh4 {[%clk 1:34:22]} 19. g3 {[%clk 1:12:49]} Bg5
{[%clk 1:34:47]} 20. f4 {[%clk 1:09:05]} exf4 {[%clk 1:35:09]} 21. gxf4 {[%clk
1:09:18]} Bh4+ {[%clk 1:35:32]} 22. Kd2 {[%clk 1:08:59]} Ne7 {[%clk 1:35:32]}
23. Qg1 {[%clk 0:59:21]} Nxd5 {[%clk 1:33:20]} 24. Nxd5 {[%clk 0:57:21]} Be6
{[%clk 1:30:42]} 25. Qh2 {[%clk 0:54:28]} g5 {[%clk 1:30:24]} 26. Kc2 {[%clk
0:52:32]} Bxd5 {[%clk 1:29:11]} 27. Bxd5 {[%clk 0:51:43]} f6 {[%clk 1:28:52]}
28. Rha1 {[%clk 0:42:52]} Rb5 {[%clk 1:18:49]} 29. c4 {[%clk 0:34:46]} Rc5
{[%clk 1:18:15]} 30. Qh3 {[%clk 0:28:21]} Qc8 {[%clk 0:27:09]} 31. Qxc8 {[%clk
0:24:53]} Rcxc8 {[%clk 0:27:26]} 32. fxg5 {[%clk 0:20:31]} fxg5 {[%clk
0:27:30]} 33. Rxa5 {[%clk 0:20:06]} Bg3 {[%clk 0:14:54]} 34. Be6 {[%clk
0:16:59]} Rf2+ {[%clk 0:13:48]} 35. Kd3 {[%clk 0:15:15]} Rcf8 {[%clk 0:12:05]}
36. Bf5 {[%clk 0:13:59]} Be5 {[%clk 0:04:33]} 37. Ra8 {[%clk 0:11:25]} Bxa1
{[%clk 0:02:31]} 38. Rxf8+ Kg7 39. Ra8 {[%clk 0:10:52]} Be5 {[%clk 0:02:56]}
40. Ra7+ {[%clk 0:10:04]} Kf6 {[%clk 0:03:00]} 41. Rxh7 {[%clk 0:08:36]}
1/2-1/2

[Event "DEM U18 2020"]
[Site "Willingen GER"]
[Date "2020.10.24"]
[Round "7"]
[White "Burian, Simon"]
[Black "Knüdel, Torben"]
[Result "1/2-1/2"]
[Termination "normal"]
[Board "10"]
[WhiteElo "2113"]
[BlackElo "2211"]
[WhiteClock "00:06:36"]
[BlackClock "00:02:38"]
[PlyCount "108"]
[WhiteFideId "12956902"]
[BlackFideId "16208820"]
[EventCountry "GER"]
[EventRounds "7"]
[EventType "swiss"]
[EventDate "2020.10.19"]

1. e4 {[%clk 1:30:58]} e5 {[%clk 1:30:10]} 2. Nf3 {[%clk 1:31:26]} Nc6 {[%clk
1:30:33]} 3. Bb5 {[%clk 1:31:51]} a6 {[%clk 1:30:58]} 4. Ba4 {[%clk 1:32:17]}
Nf6 {[%clk 1:31:24]} 5. O-O {[%clk 1:32:41]} Be7 {[%clk 1:31:48]} 6. d3 {[%clk
1:33:04]} d6 {[%clk 1:32:09]} 7. Nc3 {[%clk 1:32:49]} b5 {[%clk 1:27:47]} 8.
Bb3 {[%clk 1:33:17]} Na5 {[%clk 1:27:00]} 9. Bg5 {[%clk 1:30:25]} Nxb3 {[%clk
1:24:43]} 10. axb3 {[%clk 1:30:50]} c6 {[%clk 1:24:56]} 11. d4 {[%clk 1:26:01]}
Qc7 {[%clk 1:10:38]} 12. Qd3 {[%clk 1:20:42]} O-O {[%clk 0:58:40]} 13. Bh4
{[%clk 1:16:23]} Bb7 {[%clk 0:48:15]} 14. Bg3 {[%clk 1:12:18]} Nd7 {[%clk
0:46:56]} 15. h3 {[%clk 1:06:48]} Rad8 {[%clk 0:39:32]} 16. Qe3 {[%clk
1:00:02]} Rfe8 {[%clk 0:36:56]} 17. Rad1 {[%clk 0:54:17]} Bf8 {[%clk 0:35:26]}
18. dxe5 {[%clk 0:52:25]} dxe5 {[%clk 0:35:35]} 19. Rd2 {[%clk 0:47:44]} f6
{[%clk 0:31:28]} 20. Rfd1 {[%clk 0:45:42]} Nc5 {[%clk 0:29:38]} 21. Qe2 {[%clk
0:42:46]} Ne6 {[%clk 0:27:29]} 22. Nd4 {[%clk 0:39:48]} Nxd4 {[%clk 0:27:09]}
23. Rxd4 {[%clk 0:40:14]} Rxd4 {[%clk 0:27:30]} 24. Rxd4 {[%clk 0:40:39]} Rd8
{[%clk 0:25:58]} 25. Rxd8 {[%clk 0:39:58]} Qxd8 {[%clk 0:24:07]} 26. f3 {[%clk
0:37:40]} Bc8 {[%clk 0:19:03]} 27. Bf2 {[%clk 0:32:46]} Be6 {[%clk 0:19:25]}
28. Be3 {[%clk 0:31:06]} a5 {[%clk 0:15:30]} 29. Kf2 {[%clk 0:27:43]} Bb4
{[%clk 0:14:06]} 30. Na2 Be7 {[%clk 0:14:10]} 31. Nc3 {[%clk 0:21:28]} Qd7
{[%clk 0:13:33]} 32. Qd2 {[%clk 0:19:52]} Qxd2+ {[%clk 0:13:11]} 33. Bxd2
{[%clk 0:20:19]} Bc5+ {[%clk 0:13:28]} 34. Be3 {[%clk 0:19:54]} Bd4 {[%clk
0:11:19]} 35. Nd1 {[%clk 0:17:00]} Kf7 {[%clk 0:10:16]} 36. h4 {[%clk 0:13:35]}
g5 {[%clk 0:09:13]} 37. hxg5 {[%clk 0:10:52]} fxg5 {[%clk 0:09:41]} 38. g4
{[%clk 0:10:53]} Kf6 {[%clk 0:09:32]} 39. Ke2 {[%clk 0:08:21]} Bf7 {[%clk
0:09:03]} 40. Kd3 {[%clk 0:03:30]} c5 {[%clk 0:09:14]} 41. Ke2 {[%clk 0:26:51]}
h6 {[%clk 0:23:56]} 42. Bd2 {[%clk 0:17:30]} b4 {[%clk 0:15:08]} 43. Be1 {[%clk
0:11:35]} c4 {[%clk 0:10:32]} 44. c3 {[%clk 0:09:29]} Bc5 {[%clk 0:10:01]} 45.
cxb4 {[%clk 0:08:04]} axb4 {[%clk 0:10:24]} 46. Ne3 {[%clk 0:06:06]} cxb3
{[%clk 0:10:05]} 47. Nd5+ {[%clk 0:05:20]} Bxd5 {[%clk 0:09:19]} 48. exd5
{[%clk 0:05:48]} Bd4 {[%clk 0:09:24]} 49. Kd3 {[%clk 0:06:08]} Bxb2 {[%clk
0:02:58]} 50. Kc4 {[%clk 0:06:34]} Bc1 {[%clk 0:03:12]} 51. Kxb3 {[%clk
0:06:50]} Bf4 {[%clk 0:03:30]} 52. Bxb4 {[%clk 0:06:22]} e4 {[%clk 0:02:00]}
53. fxe4 {[%clk 0:06:46]} Ke5 {[%clk 0:02:21]} 54. Bf8 {[%clk 0:06:36]} Kxe4
{[%clk 0:02:38]} 1/2-1/2

[Event "DEM U18 2020"]
[Site "Willingen GER"]
[Date "2020.10.24"]
[Round "7"]
[White "Wensing, Maximilian"]
[Black "Tschernatsch, Johannes"]
[Result "0-1"]
[Termination "normal"]
[Board "11"]
[WhiteElo "2039"]
[BlackElo "2251"]
[WhiteClock "00:20:29"]
[BlackClock "01:20:23"]
[PlyCount "58"]
[WhiteFideId "16222415"]
[BlackFideId "16223977"]
[EventCountry "GER"]
[EventRounds "7"]
[EventType "swiss"]
[EventDate "2020.10.19"]

1. c4 {[%clk 1:30:57]} Nf6 {[%clk 1:30:54]} 2. g3 {[%clk 1:31:22]} g6 {[%clk
1:31:18]} 3. Bg2 {[%clk 1:31:46]} Bg7 {[%clk 1:31:45]} 4. Nf3 {[%clk 1:32:07]}
O-O {[%clk 1:32:09]} 5. O-O {[%clk 1:32:31]} c6 {[%clk 1:32:34]} 6. d4 {[%clk
1:29:07]} d5 {[%clk 1:32:58]} 7. cxd5 {[%clk 1:29:32]} cxd5 {[%clk 1:33:23]} 8.
Nc3 {[%clk 1:29:58]} Ne4 {[%clk 1:33:31]} 9. Ne5 {[%clk 1:28:44]} Bf5 {[%clk
1:33:40]} 10. Bf4 {[%clk 1:21:47]} Nc6 {[%clk 1:33:06]} 11. Nxc6 {[%clk
1:16:51]} bxc6 {[%clk 1:32:52]} 12. Nxe4 {[%clk 1:16:37]} Bxe4 {[%clk 1:33:16]}
13. f3 {[%clk 1:03:49]} Bf5 {[%clk 1:32:08]} 14. g4 {[%clk 1:04:08]} Be6 {[%clk
1:30:51]} 15. Qd2 {[%clk 1:04:05]} Qb6 {[%clk 1:31:00]} 16. e3 {[%clk 1:03:02]}
c5 {[%clk 1:30:32]} 17. Be5 {[%clk 0:51:29]} Bxe5 {[%clk 1:29:00]} 18. dxe5
{[%clk 0:51:54]} Rfd8 {[%clk 1:29:23]} 19. h3 {[%clk 0:50:27]} Rab8 {[%clk
1:28:45]} 20. Rf2 {[%clk 0:48:38]} d4 {[%clk 1:28:38]} 21. exd4 {[%clk
0:40:50]} Rxd4 {[%clk 1:27:17]} 22. Qg5 {[%clk 0:39:52]} c4 {[%clk 1:26:02]}
23. Raf1 {[%clk 0:39:00]} Qc5 {[%clk 1:24:46]} 24. f4 {[%clk 0:36:02]} Rxb2
{[%clk 1:23:31]} 25. Kh2 {[%clk 0:25:32]} Rxf2 {[%clk 1:20:36]} 26. Rxf2 {[%clk
0:25:57]} c3 {[%clk 1:20:18]} 27. f5 {[%clk 0:19:40]} Qxe5+ {[%clk 1:20:38]}
28. Kg1 {[%clk 0:20:06]} Rd1+ {[%clk 1:20:34]} 29. Bf1 {[%clk 0:20:29]} Bc4
{[%clk 1:20:23]} 0-1

[Event "DEM U18 2020"]
[Site "Willingen GER"]
[Date "2020.10.24"]
[Round "7"]
[White "Matthes, Aaron"]
[Black "Vogt, Dustin"]
[Result "1-0"]
[Termination "normal"]
[Board "13"]
[WhiteElo "2198"]
[BlackElo "1829"]
[WhiteClock "01:02:44"]
[BlackClock "00:29:06"]
[PlyCount "87"]
[WhiteFideId "16227310"]
[BlackFideId "16244567"]
[EventCountry "GER"]
[EventRounds "7"]
[EventType "swiss"]
[EventDate "2020.10.19"]

1. d4 {[%clk 1:30:56]} g6 {[%clk 1:30:54]} 2. e4 {[%clk 1:31:14]} Bg7 {[%clk
1:31:19]} 3. c4 {[%clk 1:31:39]} d6 {[%clk 1:31:41]} 4. Nc3 {[%clk 1:32:05]}
Nf6 {[%clk 1:32:05]} 5. Nf3 {[%clk 1:32:31]} O-O {[%clk 1:32:25]} 6. Be2 {[%clk
1:32:57]} e5 {[%clk 1:32:42]} 7. dxe5 {[%clk 1:33:22]} dxe5 {[%clk 1:33:08]} 8.
Bg5 {[%clk 1:33:46]} Nbd7 {[%clk 1:32:49]} 9. O-O {[%clk 1:33:52]} c6 {[%clk
1:30:19]} 10. h3 {[%clk 1:34:09]} h6 {[%clk 1:24:01]} 11. Be3 {[%clk 1:34:15]}
Qe7 {[%clk 1:23:15]} 12. Qc2 {[%clk 1:34:38]} Nh5 {[%clk 1:10:46]} 13. Rfd1
{[%clk 1:34:38]} Nf4 {[%clk 1:10:24]} 14. Bf1 {[%clk 1:34:43]} Nc5 {[%clk
1:04:52]} 15. b4 {[%clk 1:29:34]} Na6 {[%clk 1:04:23]} 16. a3 {[%clk 1:29:49]}
f5 {[%clk 1:03:22]} 17. c5 {[%clk 1:12:04]} fxe4 {[%clk 0:53:19]} 18. Nd2
{[%clk 1:12:18]} Nc7 {[%clk 0:45:53]} 19. Ndxe4 {[%clk 1:08:55]} Kh7 {[%clk
0:42:28]} 20. Nd6 {[%clk 1:05:54]} Ncd5 {[%clk 0:39:48]} 21. Bd2 {[%clk
0:54:33]} Qh4 {[%clk 0:25:56]} 22. Nce4 {[%clk 0:49:59]} Nxh3+ {[%clk 0:17:16]}
23. gxh3 {[%clk 0:50:02]} Bxh3 {[%clk 0:16:45]} 24. Qd3 {[%clk 0:49:25]} Bxf1
{[%clk 0:12:40]} 25. Rxf1 {[%clk 0:44:52]} Nf4 {[%clk 0:10:31]} 26. Bxf4 {[%clk
0:37:06]} exf4 {[%clk 0:09:44]} 27. f3 {[%clk 0:37:32]} Bxa1 {[%clk 0:07:04]}
28. Rxa1 {[%clk 0:37:58]} Rad8 {[%clk 0:04:18]} 29. Ra2 {[%clk 0:35:27]} Rf5
{[%clk 0:02:00]} 30. Nxf5 {[%clk 0:34:57]} gxf5 {[%clk 0:02:07]} 31. Nd6 {[%clk
0:33:54]} Rg8+ {[%clk 0:00:53]} 32. Rg2 {[%clk 0:34:09]} Rxg2+ {[%clk 0:00:38]}
33. Kxg2 {[%clk 0:34:34]} Qg3+ {[%clk 0:00:49]} 34. Kf1 {[%clk 0:35:00]} Qh3+
{[%clk 0:00:49]} 35. Ke1 {[%clk 0:35:22]} Qg3+ {[%clk 0:00:46]} 36. Kd1 {[%clk
0:35:40]} Qg1+ {[%clk 0:00:42]} 37. Kc2 {[%clk 0:33:56]} Qg2+ {[%clk 0:00:31]}
38. Kb3 {[%clk 0:34:13]} Qg8+ {[%clk 0:00:32]} 39. Ka4 {[%clk 0:34:29]} Qe6
{[%clk 0:00:32]} 40. Nxb7 {[%clk 0:31:32]} Qe7 {[%clk 0:00:31]} 41. Nd6 {[%clk
0:31:26]} Qd7 {[%clk 0:28:41]} 42. Qxf5+ {[%clk 1:01:58]} Qxf5 {[%clk 0:29:04]}
43. Nxf5 {[%clk 1:02:24]} h5 {[%clk 0:29:06]} 44. b5 {[%clk 1:02:44]} 1-0

[Event "DEM U16 2020"]
[Site "Willingen GER"]
[Date "2020.10.21"]
[Round "2"]
[White "Deuer, Marius"]
[Black "Köllner, Ruben Gideon"]
[Result "0-1"]
[Termination "normal"]
[Board "1"]
[BlackTitle "FM"]
[WhiteElo "2209"]
[BlackElo "2337"]
[WhiteClock "00:01:03"]
[BlackClock "00:14:18"]
[PlyCount "78"]
[WhiteFideId "16236432"]
[BlackFideId "12993093"]
[EventCountry "GER"]
[EventRounds "7"]
[EventType "swiss"]
[EventDate "2020.10.19"]

1. d4 {[%clk 1:30:57]} d6 {[%clk 1:30:56]} 2. Nf3 {[%clk 1:31:23]} Nf6 {[%clk
1:31:18]} 3. c4 {[%clk 1:31:49]} g6 {[%clk 1:31:45]} 4. Nc3 {[%clk 1:32:14]}
Bf5 {[%clk 1:32:11]} 5. Qb3 {[%clk 1:32:39]} b6 {[%clk 1:32:00]} 6. h3 {[%clk
1:32:57]} c5 {[%clk 1:31:17]} 7. g4 {[%clk 1:26:24]} Bd7 {[%clk 1:31:39]} 8. d5
{[%clk 1:25:49]} Bg7 {[%clk 1:28:09]} 9. e4 {[%clk 1:24:23]} Na6 {[%clk
1:22:05]} 10. Bg2 {[%clk 1:19:24]} O-O {[%clk 1:21:43]} 11. O-O {[%clk
1:17:57]} Nc7 {[%clk 1:20:41]} 12. a4 {[%clk 1:10:06]} h5 {[%clk 1:12:45]} 13.
e5 {[%clk 0:53:08]} dxe5 {[%clk 1:10:21]} 14. g5 {[%clk 0:53:05]} Nfe8 {[%clk
1:08:19]} 15. Re1 {[%clk 0:53:05]} f6 {[%clk 1:05:54]} 16. Nh4 {[%clk 0:51:20]}
Kh7 {[%clk 1:05:23]} 17. f4 {[%clk 0:42:46]} fxg5 {[%clk 1:04:20]} 18. fxg5
{[%clk 0:42:29]} Nd6 {[%clk 1:04:36]} 19. Ne4 {[%clk 0:32:05]} Nce8 {[%clk
0:59:54]} 20. Ng3 {[%clk 0:29:52]} Qc8 {[%clk 0:51:19]} 21. Qd1 {[%clk
0:21:30]} Bf5 {[%clk 0:39:29]} 22. Nhxf5 {[%clk 0:19:24]} Nxf5 {[%clk 0:38:46]}
23. Nxf5 {[%clk 0:19:18]} Qxf5 {[%clk 0:30:21]} 24. Rf1 {[%clk 0:16:59]} Qd7
{[%clk 0:30:45]} 25. Rxf8 {[%clk 0:16:40]} Bxf8 {[%clk 0:31:11]} 26. Qe2 {[%clk
0:15:27]} Bg7 {[%clk 0:30:29]} 27. Bd2 {[%clk 0:14:52]} Nd6 {[%clk 0:30:45]}
28. Bc3 {[%clk 0:11:06]} Rf8 {[%clk 0:29:02]} 29. b3 {[%clk 0:10:06]} Rf5
{[%clk 0:18:40]} 30. h4 {[%clk 0:09:48]} Rf4 31. Bxe5 {[%clk 0:09:48]} Qg4
{[%clk 0:14:35]} 32. Re1 {[%clk 0:05:53]} Re4 {[%clk 0:14:50]} 33. Qxg4 {[%clk
0:01:07]} Rxe1+ {[%clk 0:14:50]} 34. Kf2 {[%clk 0:01:33]} hxg4 {[%clk 0:15:13]}
35. Bxd6 {[%clk 0:01:26]} Bc3 {[%clk 0:15:30]} 36. Bb8 {[%clk 0:01:10]} Rb1
{[%clk 0:14:28]} 37. Bxa7 {[%clk 0:00:38]} Rxb3 {[%clk 0:14:26]} 38. Be4 {[%clk
0:00:51]} Kg7 {[%clk 0:14:07]} 39. Kg3 {[%clk 0:01:03]} Be5+ {[%clk 0:14:18]}
0-1